[Event "SLO-ch U16 Girls"]
[Site "Murska Sobota"]
[Date "2007.02.26"]
[Round "4"]
[White "Flander, Zana"]
[Black "Bucar, Natasa"]
[Result "0-1"]
[WhiteElo "1607"]
[BlackElo "1763"]
[PlyCount "82"]
[EventDate "2007.02.25"]
[EventType "tourn"]
[EventRounds "9"]
[EventCountry "SLO"]
[SourceTitle "CBM 117 Extra"]
[Source "ChessBase"]
[SourceDate "2007.05.09"]
[SourceVersion "1"]
[SourceVersionDate "2007.05.09"]
[SourceQuality "1"]

1. e4 c5 2. c3 d5 3. exd5 Qxd5 4. Nf3 Nc6 5. d4 e6 6. Bb5 a6 7. Bxc6+ Qxc6 8. 0-0 Nf6 9. Nbd2 Be7 10. Nc4 0-0 11. Nce5 Qd5 12. c4 Qd8 13. Re1 Nd7 14. Be3 Nxe5 15. Nxe5 cxd4 16. Bxd4 f6 17. Nf3 e5 18. Bc3 Bg4 19. Qxd8 Rfxd8 20. Nd2 Bc5 21. Ne4 Bd4 22. Bxd4 Rxd4 23. f3 Bf5 24. Ng3 Bc2 25. b3 Rad8 26. Ne2 Rd2 27. Nc3 Kf7 28. Nd5 a5 29. Re3 Bf5 30. a3 Be6 31. Nb6 Rc2 32. Re4 Rdd2 33. g4 Rg2+ 34. Kh1 Rxh2+ 35. Kg1 Rhg2+ 36. Kh1 Rgf2 37. Re3 h5 38. gxh5 Rh2+ 39. Kg1 Rcg2+ 40. Kf1 Bh3 41. Ke1 Rh1# 0-1

[Event "SLO-ch U16 Girls"]
[Site "Murska Sobota"]
[Date "2006.03.01"]
[Round "5"]
[White "Flander, Zana"]
[Black "Seruga, Vanja"]
[Result "1-0"]
[WhiteElo "1650"]
[BlackElo "1500"]
[PlyCount "39"]
[EventDate "2006.02.26"]
[EventType "swiss"]
[EventRounds "7"]
[EventCountry "SLO"]
[SourceTitle "EXT 2009"]
[Source "ChessBase"]
[SourceDate "2008.11.26"]
[SourceVersion "1"]
[SourceVersionDate "2008.11.26"]
[SourceQuality "1"]

1. e4 e6 2. d4 d5 3. Nc3 Bb4 4. e5 Ne7 5. Nf3 c5 6. a3 Ba5 7. b4 cxb4 8. axb4 Bxb4 9. Qd3 Bxc3+ 10. Qxc3 0-0 11. Bd3 Nbc6 12. Ng5 Nf5 13. h4 Ncxd4 14. g4 Nxc2+ 15. Bxc2 h6 16. gxf5 hxg5 17. hxg5 exf5 18. Qh3 f6 19. g6 Re8 20. Qh8# 1-0